Todo el access 1.1 para windows en un solo libro /

Guardado en:
Formato: Libro
Publicado: Buenos Aires : Gyr, 1994
Materias:
Etiquetas: Agregar Etiqueta
Sin Etiquetas, Sea el primero en etiquetar este registro!
LEADER 00493nam a22001815a 4500
001 CEM.cems008775
005 20060214000000.0
008 130507s1994##################000#0#####d
003 CEMS
082 0 4 |a 001.6425 
245 0 0 |a Todo el access 1.1 para windows en un solo libro / 
260 |a Buenos Aires :  |b Gyr,  |c 1994 
300 |a 167 p. 
653 |a Access 
653 |a Computacion 
653 |a Informatica 
653 |a Windows 
859 |a CEMS  |b BIB. CEMS - 11 de abril  |h 001.6425  |i G999-2  |p 18163.95  |t Ej.1